logo

Bir Sreshtho Munshi Abdur Rouf Library
Jhenaidah Cadet College

Fundamentals of Mathematical Statistics / (Record no. 8510)

MARC details
000 -LEADER
fixed length control field 00585nam a2200217 a 4500
001 - CONTROL NUMBER
JCCL Control Number 8510
003 - CONTROL NUMBER IDENTIFIER
JCCL marc code BD-JhCC
005 - DATE AND TIME OF LATEST TRANSACTION
control field 20180226175841.0
008 - FIXED-LENGTH DATA ELEMENTS--GENERAL INFORMATION
fixed length control field 180226s1976 i a|||| || | 000 0 eng d
035 ## - SYSTEM CONTROL NUMBER
system control number (BD-JhCC)8510
040 ## - CATALOGING SOURCE
Original cataloging agency BD-JhCC
Modifying agency BD-JhCC
041 ## - LANGUAGE CODE
Language code of Book eng
082 ## - DEWEY DECIMAL CLASSIFICATION NUMBER
Classification number 519.5
Author mark and Year GUP 1976
100 ## - MAIN ENTRY--PERSONAL NAME
Personal name Gupta, S. C.
245 ## - TITLE STATEMENT
Title Fundamentals of Mathematical Statistics /
Statement of responsibility, etc S. C. Gupta and V. K. Kapoor
260 ## - PUBLICATION, DISTRIBUTION, ETC. (IMPRINT)
Place of publication, distribution, etc New Delhi :
Name of publisher, distributor, etc Educational Publishers,
Date of publication, distribution, etc 1976.
300 ## - PHYSICAL DESCRIPTION
Pagination Verious Pages.
Other physical details ill. ;
Dimensions 20 cm.
650 ## - SUBJECT ADDED ENTRY--TOPICAL TERM
Topical term or geographic name as entry element Statistics
942 ## - ADDED ENTRY ELEMENTS (KOHA)
Source of classification or shelving scheme Dewey Decimal Classification
Koha item type Books
Holdings
Source of classification or shelving scheme Damaged status Not for loan Home library Current library Shelving location Total Checkouts Full call number Barcode Date last seen Copy number Koha item type
Dewey Decimal Classification     JCC Rouf Library JCC Rouf Library General Stacks   519.5 GUP 1976 11094 02/26/2018 C-1 Books

JCC Library | Contacts | JCC Home

Last Update on 23 September 2017
Copyright @ 2017-2020 JCC Rouf Library
Rouf Library, Jhenidah Cadet College (JCC), Bangladesh